000 01336nam a2200265Ia 4500
999 _c34411
_d34411
001 116
003 GE_BSU
005 20191111165746.0
008 181216s2010||||ge |||||||||||||| ||geo||
020 _a9789941002168
040 _cGE_BSU
041 _ageo
080 _a330.1(076)+338.22(0760)+371.277.2 ტ–50
245 _aტესტები...სავარჯიშოები...სიტუაციები...ამოცანები...ეკონომიკასა და ბიზნესში /
_cნინო ტალახაძე, ლია გიგაური, გულნაზ ერქომაიშვილი, ქეთევან მდინარაძე.
264 _aთბილისი :
_b,,სიდი'',
_c2010.
300 _a220 გვ.;
_b 29სმ.
541 _h20 ლ.
653 _a ტესტები ბიზნესში
653 _a ტესტები ეკონომიკაში
700 _aტალახაძე, ნინო
_eავტორი
_95291
700 _aგიგაური, ლია
_eავტორი
_95292
700 _aერქომაიშვილი, გულნაზ
_eავტორი
_92815
700 _aმდინარაძე, ქეთევან
_eავტორი
_95293
942 _cBK
_2udc